| 000 | 00555nam a2200169 i 4500 | ||
|---|---|---|---|
| 001 | 29008 | ||
| 003 | ES-MaACL | ||
| 005 | 20230906153950.0 | ||
| 007 | t| | ||
| 008 | 030120s1968 sp ||||1| spa d | ||
| 110 | 2 |
_aBanco de Santander. _92115 |
|
| 245 | 1 | 0 |
_aMemoria correspondiente al ejercicio de 1967 / _cdel Banco de Santander. |
| 260 |
_a[S.l. : _bs.n., _c1968] ( _eSantander : _fManufacturas Jean) |
||
| 300 |
_a19 p. : _b5 gráf. ; _c24 cm. |
||
| 610 | 2 | 4 |
_aBanco de Santander- _vMemorias y balances. _9164678 |
| 852 |
_aES-MaACL _j2065-F-5 _bR.66912 |
||
| 999 |
_c29008 _d29008 |
||